|
|
|
|
| LEADER |
00000cam a2200000 a 4500 |
| 001 |
vtls011614914 |
| 003 |
SK-MaSNL |
| 005 |
20260301042605.0 |
| 008 |
240313s2016 xo oda e np 000 0 slo |
| 015 |
|
|
|a SNBA2017/03
|
| 020 |
|
|
|a 9788022746410
|q (brož.)
|
| 035 |
|
|
|a urn:nbn:sk:snk-am00cz2c
|
| 035 |
|
|
|a urn:nbn:sk:snk-am3hg28
|
| 035 |
|
|
|a 5A7C0F36-04FE-4D3B-9CCA-00E302187CA5
|
| 040 |
|
|
|a SNK
|b slo
|c SNK
|e AACR2
|
| 041 |
0 |
|
|a slo
|
| 044 |
|
|
|a xo
|c SK
|
| 072 |
|
7 |
|a 007
|x Teória systémov. Automatické systémy. Kybernetika. Informačné systémy
|2 konspekt
|
| 080 |
|
|
|a 007.52
|2 2011
|
| 080 |
|
|
|a 316.77:159.931
|2 2011
|
| 080 |
|
|
|a 621.397
|2 2011
|
| 080 |
|
|
|a 629.072.1
|2 2011
|
| 080 |
|
|
|a 004.42
|2 2011
|
| 080 |
|
|
|a (048.8)
|2 2011
|
| 080 |
|
|
|a (075)
|2 2011
|
| 100 |
1 |
|
|a Pásztó, Peter
|4 aut
|9 346076
|
| 245 |
1 |
0 |
|a Navigácia mobilného robota vizuálnym systémom
|c Peter Pásztó, Peter Hubinský
|
| 250 |
|
|
|a 1. vyd.
|
| 260 |
|
|
|a V Bratislave
|b Slovenská technická univerzita
|b Vydavateľstvo STU
|c 2016
|
| 300 |
|
|
|a 130 s.
|b fotogr., grafy, sch., tab.
|c 21 cm
|
| 490 |
1 |
|
|a Edícia monografií
|
| 504 |
|
|
|a Bibliogr.: s. 126-130
|
| 650 |
0 |
7 |
|a robotika
|2 SNKPH
|9 15115
|
| 650 |
0 |
7 |
|a vizuálna komunikácia
|2 SNKPH
|9 66521
|
| 650 |
0 |
7 |
|a Robotics
|2 SNKPHeng
|9 319768
|
| 650 |
0 |
7 |
|a Visual communication
|2 SNKPHeng
|9 312221
|
| 650 |
0 |
7 |
|a spracovanie obrazu
|2 SNKPH
|9 74208
|
| 650 |
0 |
7 |
|a navigácia
|2 SNKPH
|9 74991
|
| 650 |
0 |
7 |
|a roboty
|2 SNKPH
|9 28629
|
| 650 |
0 |
7 |
|a Robots
|2 SNKPHeng
|9 331627
|
| 650 |
0 |
7 |
|a programovanie
|2 SNKPH
|9 22041
|
| 650 |
0 |
7 |
|a Image processing
|2 SNKPHeng
|9 302826
|
| 650 |
0 |
7 |
|a Programming
|2 SNKPHeng
|9 302464
|
| 650 |
0 |
7 |
|a Navigation
|2 SNKPHeng
|9 334034
|
| 655 |
|
7 |
|a monografie
|2 SNKPH
|9 70139
|
| 655 |
|
7 |
|a Monographs
|2 SNKPHeng
|9 120675
|
| 655 |
|
7 |
|a učebné texty
|2 SNKPH
|9 70568
|
| 655 |
|
7 |
|a Educational texts
|2 SNKPHeng
|9 277375
|
| 700 |
1 |
|
|a Hubinský, Peter,
|d 1962-
|4 aut
|9 213481
|
| 752 |
|
|
|a Slovensko
|d Bratislava
|
| 810 |
2 |
|
|a Slovenská technická univerzita v Bratislave
|t Edícia monografií
|9 180631
|
| 852 |
|
|
|a Štátna vedecká knižnica v Banskej Bystrici
|
| 919 |
|
|
|a 978-80-227-4641-0
|
| 958 |
|
|
|a NB
|
| 999 |
|
|
|c 591377
|d 593307
|
| 952 |
|
|
|a SNK
|b SNK
|y PREZ
|7 0
|p 17A1254313
|o snkSC 173473
|i snk2017/5612
|8 0
|0 0
|1 0
|4 0
|d 2017-03-01
|f 1
|l 0
|r 2025-09-11 00:00:00
|w 2026-02-23
|
| 952 |
|
|
|a SNK
|b SNK
|y VYP
|7 0
|p 17A1254314
|o snkSC 173473 D1
|i snk2017/5614
|8 0
|0 0
|1 0
|4 0
|d 2017-03-01
|l 0
|r 2026-02-23 15:24:44
|w 2026-02-23
|